| 000 | 00734nam a2200181Ia 4500 | ||
|---|---|---|---|
| 008 | 090124s9999 xx 000 0 und d | ||
| 082 | _b47577 | ||
| 100 | _aखाडिलकर नीलकंठ (संपादक नवाकाऴ) | ||
| 245 | _a एकटउाका विरध्द 99 टउाके | ||
| 250 | _a2 | ||
| 260 | _c1986 | ||
| 300 | _a130 | ||
| 600 | _aखाडिलकर नीलकंठ (संपादक नवाकाऴ) | ||
| 630 | _a एकटउाका विरध्द 99 टउाके | ||
| 700 | _aखाडिलकर नीलकंठ (संपादक नवाकाऴ) | ||
| 730 | _a एकटउाका विरध्द 99 टउाके | ||
| 942 | _cBOOK | ||
| 999 |
_c113956 _d113956 |
||